Características asociadas con la participación del electorado en las urnas electorales 1994-2006 /

En el abordaje que se hace en el capítulo, se trata la participación electoral a partir de la segunda mitad del siglo XX. Se entiende la misma en su concepción del acto voluntario de la persona de acercarse a las urnas electorales a ejercer su derecho al voto. Esta acción es dicotómica, es decir, la...

Ful tanımlama

Kaydedildi:
Detaylı Bibliyografya
Yazar: Ramírez Moreira, Olman
Materyal Türü: Metin
Konular:
Etiketler: Etiketle
Etiket eklenmemiş, İlk siz ekleyin!

MARC

LEADER 00000 a a2200000 04500
001 40550
003
040
100 |a Ramírez Moreira, Olman  
245 |a Características asociadas con la participación del electorado en las urnas electorales 1994-2006 /  |c Olman Ramírez Moreira  
500 |a olman.ramirez@ucr.ac.cr  
520 |a En el abordaje que se hace en el capítulo, se trata la participación electoral a partir de la segunda mitad del siglo XX. Se entiende la misma en su concepción del acto voluntario de la persona de acercarse a las urnas electorales a ejercer su derecho al voto. Esta acción es dicotómica, es decir, la persona participa o no participa., lo que permite de hecho que el enfoque por diferencia sea la abstención. Los datos se presentan en forma comparativa enfatizando las características de quienes participan en contraste con quienes dejan de hacerlo. EL enfoque adoptado aborda el fenómeno desde la perspectiva positiva.  
590 |a DISEMINAR112010/RRA/NOVIEMBRE2010  
650 |a COMPORTAMIENTO POLITICO  
650 |a COSTA RICA  
650 |a VOTACION  
650 |a ELECCIONES  
650 |a ASPECTOS SOCIALES  
650 |a ASPECTOS POLITICOS  
650 |a ASPECTOS GEOGRAFICOS  
773 |g páginas 94-195 : tablas, gráficos  
999 |c 23669  |d 23669